[Event "SC Doppelb. Brambauer 1 - Mülheim-Nord4"]
[Site "Verbandsklasse - Gruppe 3 201"]
[Date "2018.11.04"]
[Round "3.2"]
[White "Koth, Stefan"]
[Black "Kremer, Moritz"]
[Result "1-0"]
[WhiteElo "2011"]
[BlackElo "1898"]
[PlyCount "55"]
[EventDate "2018.??.??"]

1. c4 e5 2. Nc3 Nc6 3. Nf3 g6 4. d4 exd4 5. Nxd4 Bg7 6. e3 Nge7 7. Be2 O-O 8.
O-O Nxd4 9. exd4 d5 10. Bg5 f6 11. Bf4 c6 12. Qb3 Kh8 13. Rad1 a6 14. Rfe1 b5
15. cxd5 Nxd5 16. Bg3 f5 17. Be5 Re8 18. Bf3 Be6 19. Bxg7+ Kxg7 20. Rxe6 Rxe6
21. Nxd5 Rd6 22. Nf4 Qe7 23. Qc3 b4 24. Qxb4 g5 25. Nd3 Rc8 26. Re1 Qd8 27. Nc5
Qf6 28. Qb7+ 1-0

[Event "SC Doppelb. Brambauer 1 - Mülheim-Nord4"]
[Site "Verbandsklasse - Gruppe 3 201"]
[Date "2018.11.04"]
[Round "3.3"]
[White "Schmidt, Kevin"]
[Black "Remmler, Volker"]
[Result "1/2-1/2"]
[WhiteElo "1897"]
[BlackElo "2059"]
[PlyCount "88"]
[EventDate "2018.??.??"]

1. e4 e6 2. d3 d5 3. Qe2 Nf6 4. e5 Nfd7 5. Nf3 c5 6. g3 Nc6 7. Bg2 Qc7 8. Bf4
Be7 9. h4 b6 10. O-O Bb7 11. c4 d4 12. Nbd2 O-O-O 13. Rfe1 h6 14. Ne4 Rhg8 15.
h5 Nf8 16. a3 a5 17. b4 cxb4 18. Nd6+ Rxd6 19. exd6 Bxd6 20. Bxd6 Qxd6 21. axb4
Nxb4 22. c5 bxc5 23. Rxa5 Nd7 24. Ne5 Nxe5 25. Qxe5 Qxe5 26. Rxe5 Bxg2 27.
Rexc5+ Bc6 28. Ra8+ Kd7 29. Rxg8 Nxd3 30. Rxc6 Kxc6 31. Rxg7 f5 32. Kf1 Ne5 33.
f4 Ng4 34. Ke2 Kd5 35. Rd7+ Ke4 36. Rd6 e5 37. fxe5 Kxe5 38. Rd8 Nf6 39. Kd3
Nxh5 40. Rxd4 Nxg3 41. Rh4 f4 42. Rxh6 f3 43. Ke3 Nf5+ 44. Kxf3 Nxh6 1/2-1/2

[Event "SC Doppelb. Brambauer 1 - Mülheim-Nord4"]
[Site "Verbandsklasse - Gruppe 3 201"]
[Date "2018.11.04"]
[Round "3.4"]
[White "Schulz, Hartmut"]
[Black "Bartelt, Max Peter"]
[Result "1-0"]
[WhiteElo "2025"]
[BlackElo "1711"]
[PlyCount "69"]
[EventDate "2018.??.??"]

1. d4 d5 2. Nf3 Nf6 3. Bf4 e6 4. e3 Bd6 5. Bg3 O-O 6. Bd3 c5 7. c3 Nc6 8. Nbd2
b6 9. Ne5 Qc7 10. f4 Nd7 11. O-O f5 12. Bh4 Ndxe5 13. fxe5 Be7 14. Bxe7 Qxe7
15. a4 Qg5 16. Qe2 Bd7 17. Bb5 a6 18. Bxa6 Rxa6 19. Nf3 Qh6 20. Qxa6 Qxe3+ 21.
Kh1 c4 22. Qxb6 g5 23. Rae1 Qf4 24. a5 g4 25. Ng1 Qd2 26. Re2 Qd3 27. Ref2 Qe3
28. Ne2 h5 29. Nf4 h4 30. Re2 Rb8 31. Rxe3 Rxb6 32. axb6 Na5 33. Ra1 Nb3 34.
Ra7 Bc6 35. b7 1-0

[Event "SC Doppelb. Brambauer 1 - Mülheim-Nord4"]
[Site "Verbandsklasse - Gruppe 3 201"]
[Date "2018.11.04"]
[Round "3.5"]
[White "Lamberti, Michele"]
[Black "Bracht, Michael"]
[Result "1-0"]
[WhiteElo "1739"]
[BlackElo "1950"]
[PlyCount "79"]
[EventDate "2018.??.??"]

1. d4 Nf6 2. Nf3 d5 3. Bf4 e6 4. Nbd2 Bd6 5. e3 Bxf4 6. exf4 Qd6 7. g3 c5 8.
dxc5 Qxc5 9. Bd3 Nc6 10. c3 Bd7 11. Qe2 a6 12. O-O Ne7 13. Ne5 g6 14. Nxd7 Nxd7
15. Nf3 Qc7 16. Rfe1 Nc6 17. Rad1 h6 18. Bxg6 fxg6 19. Qxe6+ Kd8 20. Rxd5 Kc8
21. Red1 Rd8 22. Nh4 b6 23. Nxg6 Ra7 24. Nf8 Rxf8 25. Rxd7 Qxd7 26. Rxd7 Rxd7
27. Qxc6+ Kd8 28. Qxb6+ Ke7 29. Qxh6 Rd6 30. Qg5+ Rff6 31. h4 Kd7 32. Qg7+ Kd8
33. Qh8+ Kc7 34. Kg2 Rfe6 35. Qg7+ Kb6 36. c4 Rd2 37. c5+ Kc6 38. Qc3 Ree2 39.
Qf3+ Kxc5 40. Kf1 1-0

[Event "SC Doppelb. Brambauer 1 - Mülheim-Nord4"]
[Site "Verbandsklasse - Gruppe 3 201"]
[Date "2018.11.04"]
[Round "3.6"]
[White "Zimmermann, Dirk"]
[Black "Vavro, Maximilian"]
[Result "1-0"]
[WhiteElo "1893"]
[BlackElo "1694"]
[Annotator "Daniel"]
[PlyCount "121"]
[EventDate "2018.??.??"]

1. e4 e6 2. d4 d5 3. Nc3 dxe4 4. Nxe4 Nf6 5. Nxf6+ Qxf6 6. Nf3 h6 7. Be3 Bd6 8.
Be2 O-O 9. O-O Rd8 10. c3 c5 11. Qb3 Nd7 12. Rad1 b6 13. d5 Ne5 14. Nxe5 Qxe5
15. g3 Be7 16. Bf3 Qf5 17. Bg2 Ba6 18. c4 exd5 19. Bxd5 Rxd5 20. Rxd5 Qe4 21.
f3 Qxc4 22. Rf2 Qxb3 23. axb3 Bc8 24. g4 Be6 25. Rd3 Rc8 $11 26. Kg2 Bf6 27. h3
c4 28. bxc4 Rxc4 29. Ra3 Rc7 30. Rd2 Be7 31. Rc3 Rxc3 32. bxc3 Bf6 33. Bd4 Bxd4
34. Rxd4 b5 35. Rd8+ Kh7 36. Ra8 h5 37. Rxa7 hxg4 38. hxg4 Kg6 39. Kg3 Kf6 40.
f4 g6 41. Rb7 Bc4 42. Rb6+ Ke7 43. Kf3 Kd7 44. Ke4 Kc7 45. Rf6 Kd7 46. Ke5 Bb3
47. Ra6 Bc4 48. Rd6+ Ke7 49. Rb6 Kd7 50. Kd4 Be2 51. g5 Ke7 52. Kc5 Kd7 53.
Rxb5 Bxb5 54. Kxb5 Ke6 55. c4 Kf5 56. c5 Kxf4 57. c6 Kxg5 58. c7 f5 59. c8=Q
Kf4 60. Kc4 Ke3 61. Qe6+ 1-0

[Event "SC Doppelb. Brambauer 1 - Mülheim-Nord4"]
[Site "Verbandsklasse - Gruppe 3 201"]
[Date "2018.11.04"]
[Round "3.7"]
[White "Kraska, Erwin"]
[Black "Deckert, Frank"]
[Result "1/2-1/2"]
[WhiteElo "1535"]
[BlackElo "1871"]
[Annotator "Daniel"]
[PlyCount "97"]
[EventDate "2018.??.??"]

1. Nf3 Nf6 2. g3 e6 3. Bg2 d5 4. O-O c5 5. d4 Nc6 6. c3 Be7 7. dxc5 Bxc5 8. b4
Bd6 9. b5 Ne5 10. Ba3 Nc4 11. Bxd6 Nxd6 12. a4 Qa5 13. Nd4 Bd7 14. Nb3 Qc7 15.
Na3 O-O 16. Rc1 a6 17. Qd3 Nc4 18. Ra1 Rfc8 19. Nd2 Nxa3 20. Rxa3 $11 axb5 21.
Rfa1 Rxa4 22. Nb1 Rca8 23. e4 Qc5 24. Rxa4 Rxa4 25. Rxa4 bxa4 26. e5 Ne8 27.
Bf1 Nc7 28. Qd2 Bc6 29. Bd3 Nb5 30. Qb2 Nc7 31. Qb4 Qxb4 32. cxb4 f6 33. f4 Bb5
34. Bc2 fxe5 35. fxe5 Bc6 36. Bd3 h6 37. h3 Na8 38. Na3 Nb6 39. Kf2 Kf7 40. Ke3
Ke7 41. Kd4 Be8 42. Kc5 Nd7+ 43. Kd4 Nb8 44. b5 g5 45. Bc2 Nd7 46. Bxa4 Bg6 47.
Bd1 Bf5 48. h4 Kd8 49. Bh5 1/2-1/2

[Event "SC Doppelb. Brambauer 1 - Mülheim-Nord4"]
[Site "Verbandsklasse - Gruppe 3 201"]
[Date "2018.11.04"]
[Round "3.8"]
[White "Jochmann, Christian"]
[Black "Alfrihan, Omar"]
[Result "1-0"]
[WhiteElo "1822"]
[BlackElo "1522"]
[PlyCount "91"]
[EventDate "2018.??.??"]

1. e4 c5 2. Nc3 Nc6 3. g3 d6 4. Bg2 g6 5. d3 Bg7 6. Nge2 Nf6 7. O-O O-O 8. h3
Bd7 9. Be3 Qc8 10. Kh2 a6 11. Qd2 Ne5 12. f4 Nc6 13. g4 e6 14. Ng3 Nd4 15. Nd1
Bc6 16. c3 Nb5 17. Nf2 b6 18. g5 Nd7 19. Ng4 f5 20. gxf6 Nxf6 21. Rae1 Qb7 22.
Re2 h5 23. Nxf6+ Bxf6 24. Ref2 d5 25. exd5 exd5 26. f5 h4 27. Ne2 d4 28. Bh6
Bxg2 29. Rxg2 Rf7 30. Rxg6+ Kh7 31. Bg7 Qc7+ 32. Kg1 Bxg7 33. Qg5 Qe5 34. Qxh4+
Kg8 35. Ng3 Nd6 36. f6 Ne8 37. fxg7 Rxg7 38. Rxg7+ Nxg7 39. Ne4 Rf8 40. Nf6+
Rxf6 41. Rxf6 Qe3+ 42. Kh2 Qxd3 43. Qf2 dxc3 44. Rf8+ Kh7 45. Qh4+ Kg6 46. Rf6#
1-0

[Event "SV Unna 1 - SV Welper 2"]
[Site "Verbandsklasse - Gruppe 3 201"]
[Date "2018.11.04"]
[Round "3.1"]
[White "Teich, Udo"]
[Black "Barskij, Aleksandr"]
[Result "1/2-1/2"]
[WhiteElo "1893"]
[BlackElo "1912"]
[PlyCount "60"]
[EventDate "2018.??.??"]

1. d4 Nf6 2. c4 g6 3. g3 Bg7 4. Bg2 d5 5. cxd5 Nxd5 6. e4 Nb6 7. Ne2 O-O 8. O-O
Nc6 9. d5 Na5 10. Nec3 c6 11. Qe2 cxd5 12. exd5 e5 13. Nd2 Bd7 14. b3 e4 15.
Bb2 Nxd5 16. Ndxe4 Nxc3 17. Bxc3 Bxc3 18. Nxc3 Re8 19. Qd2 Bc6 20. Rfd1 Bxg2
21. Kxg2 Qxd2 22. Rxd2 Rad8 23. Rad1 Rxd2 24. Rxd2 Nc6 25. Rd7 Re7 26. Rxe7
Nxe7 27. Kf3 f5 28. Ke3 Nc6 29. f4 Kf7 30. Kd3 Ke6 1/2-1/2

[Event "SV Unna 1 - SV Welper 2"]
[Site "Verbandsklasse - Gruppe 3 201"]
[Date "2018.11.04"]
[Round "3.2"]
[White "Grube, Frank"]
[Black "Leimkuehler, Dirk"]
[Result "0-1"]
[WhiteElo "1793"]
[BlackElo "1852"]
[PlyCount "94"]
[EventDate "2018.??.??"]

1. d4 f5 2. g4 d6 3. Qd3 e6 4. Nc3 Be7 5. d5 Qd7 6. Bh3 g6 7. e4 fxe4 8. Qxe4
e5 9. g5 Qd8 10. f4 Bxh3 11. Nxh3 Qd7 12. Nf2 Qf5 13. Bd2 Nd7 14. Nb5 Bd8 15.
Qc4 Nb6 16. Qb3 a6 17. Na3 Ne7 18. c4 exf4 19. O-O-O O-O 20. h4 Rc8 21. Nc2 c5
22. Rde1 Rb8 23. Ne4 Nec8 24. Rhf1 f3 25. Re3 Qg4 26. Be1 Nd7 27. Bg3 b5 28.
Bxd6 Nxd6 29. Nxd6 bxc4 30. Qxc4 Qxc4 31. Nxc4 Rf4 32. Ne5 Nxe5 33. Rxe5 Bc7
34. Re6 Rb6 35. Re8+ Kf7 36. Ra8 Be5 37. Ra7+ Kg8 38. b3 c4 39. bxc4 Rxc4 40.
Ra8+ Kg7 41. Ra7+ Kf8 42. Ra8+ Ke7 43. d6+ Kxd6 44. Rd1+ Ke7 45. Ra7+ Ke6 46.
Re1 f2 47. Rf1 Bf4+ 0-1

[Event "SV Unna 1 - SV Welper 2"]
[Site "Verbandsklasse - Gruppe 3 201"]
[Date "2018.11.04"]
[Round "3.3"]
[White "Wallhof, Dieter"]
[Black "Vleeming, Vincent"]
[Result "1/2-1/2"]
[WhiteElo "1866"]
[BlackElo "1866"]
[PlyCount "72"]
[EventDate "2018.??.??"]

1. c4 Nf6 2. Nc3 g6 3. Nf3 Bg7 4. g3 d6 5. Bg2 O-O 6. O-O c6 7. d3 Qa5 8. e4
Bg4 9. h3 Bxf3 10. Bxf3 Na6 11. a3 e5 12. Be3 Qc7 13. Rc1 Nc5 14. b4 Ne6 15.
Qd2 Rfe8 16. Bd1 Qd7 17. Kg2 d5 18. cxd5 Nd4 19. Bg5 Rf8 20. dxc6 bxc6 21. Bxf6
Bxf6 22. Na4 Rfd8 23. Nc5 Qe7 24. Qb2 Rac8 25. Bg4 Ra8 26. Nb3 Qe8 27. Nxd4
Rxd4 28. Be2 a5 29. Rc4 axb4 30. axb4 Rb8 31. Rfc1 c5 32. Rxd4 cxd4 33. Rc4 Kg7
34. Rc5 Qe7 35. Qa3 Qb7 36. Rc4 Be7 1/2-1/2

[Event "SV Unna 1 - SV Welper 2"]
[Site "Verbandsklasse - Gruppe 3 201"]
[Date "2018.11.04"]
[Round "3.4"]
[White "Reininghaus, Dennis"]
[Black "Kleff, Tim"]
[Result "1-0"]
[WhiteElo "1742"]
[BlackElo "1769"]
[PlyCount "75"]
[EventDate "2018.??.??"]

1. d4 d5 2. Nf3 Nf6 3. e3 Bg4 4. Be2 e6 5. O-O Bd6 6. h3 Bh5 7. b3 O-O 8. Bb2
Nbd7 9. Nbd2 Qe7 10. Ne5 Bxe2 11. Qxe2 c5 12. f4 Rac8 13. Rac1 a6 14. c4 cxd4
15. exd4 dxc4 16. bxc4 Bb4 17. Ne4 Rc7 18. Nxf6+ Nxf6 19. c5 Nd5 20. a3 f6 21.
Nc4 Bxc5 22. dxc5 Rxc5 23. g3 Rfc8 24. Ne3 Rxc1 25. Rxc1 Rxc1+ 26. Bxc1 Qc5 27.
Qd2 Nxe3 28. Qxe3 Qxe3+ 29. Bxe3 Kf7 30. Kf2 Ke7 31. Bc5+ Kd7 32. Ke3 Kc6 33.
Bf8 g6 34. Kd4 b5 35. Be7 f5 36. Ke5 Kd7 37. Bb4 h5 38. h4 1-0

[Event "SV Unna 1 - SV Welper 2"]
[Site "Verbandsklasse - Gruppe 3 201"]
[Date "2018.11.04"]
[Round "3.5"]
[White "Schaller, Kai"]
[Black "Algera, Remko Wessel"]
[Result "1-0"]
[WhiteElo "1730"]
[BlackElo "1675"]
[Annotator "Daniel"]
[PlyCount "121"]
[EventDate "2018.??.??"]

1. e4 d6 2. d4 Nd7 3. f4 e5 4. Nf3 c6 5. dxe5 dxe5 6. Bc4 exf4 7. Bxf4 Qf6 8.
Qc1 Bd6 9. e5 Nxe5 10. Bxe5 Bxe5 11. Qe3 Be6 12. Qxe5 Qg6 13. O-O O-O-O 14.
Bxe6+ fxe6 15. Ng5 Nf6 16. Nxe6 Rd7 17. Qf5 Qxf5 18. Rxf5 Re8 19. Nc5 Rd1+ 20.
Rf1 Ree1 21. Rxe1 Rxe1+ 22. Kf2 Rc1 23. Nb3 Rxc2+ 24. Kf3 Rxb2 25. Nc3 b6 26.
Rd1 Rc2 27. Rd3 c5 28. Na1 Rc1 29. Nb3 Rc2 30. Nd2 a6 31. a3 b5 32. Nce4 Nd7
33. Kf4 c4 34. Rg3 g6 35. Rc3 Rb2 36. Nd6+ Kc7 37. N6xc4 bxc4 38. Nxc4 Ra2 39.
Ne5+ Kb7 40. Nxd7 Rxg2 41. h3 Rg1 42. Nf6 h6 43. Ng4 h5 $11 44. Nf6 g5+ 45. Kf5
g4 46. Nxg4 hxg4 47. hxg4 Rf1+ 48. Kg6 Kb6 49. g5 Kb5 50. Kg7 Ka4 51. g6 a5 52.
Kg8 Rg1 53. g7 Rf1 54. Rh3 Ra1 55. Kh7 Rxa3 56. Rxa3+ Kxa3 57. g8=Q a4 58. Qg3+
Kb2 59. Qe5+ Kb3 60. Qa1 a3 61. Kg6 1-0

[Event "SV Unna 1 - SV Welper 2"]
[Site "Verbandsklasse - Gruppe 3 201"]
[Date "2018.11.04"]
[Round "3.6"]
[White "Eichhorn, Robin"]
[Black "Hoettler, Alexander Walter"]
[Result "0-1"]
[WhiteElo "1787"]
[BlackElo "1680"]
[Annotator "Daniel"]
[PlyCount "92"]
[EventDate "2018.??.??"]

1. e4 c5 2. Nf3 e6 3. d4 cxd4 4. Nxd4 Nc6 5. Nc3 Qc7 6. Be2 a6 7. O-O Nf6 8.
Be3 Bb4 9. Bf3 O-O 10. Nce2 Rd8 11. a3 Be7 12. c3 d5 13. exd5 Nxd5 14. Qc1 Na5
15. Bxd5 Rxd5 16. Qc2 e5 17. Nf5 Bxf5 18. Qxf5 Qd7 19. Qc2 Nc4 20. Rad1 Nxe3
21. fxe3 Rd8 22. Rxd5 Qxd5 23. Ng3 Bc5 24. Qe2 Qd2 25. Re1 Qxe2 26. Rxe2 g6 27.
Ne4 Bb6 28. Kf1 Rd1+ 29. Kf2 f5 30. Rd2 Rxd2+ 31. Nxd2 Kf7 32. Nc4 Bc7 33. a4
Ke6 34. Ke2 Kd5 35. Nd2 e4 36. h3 Be5 37. Nb3 b6 38. Nd4 $11 Bxd4 39. exd4 f4
40. b3 b5 41. axb5 axb5 42. Ke1 h5 43. Ke2 g5 44. Kf2 b4 45. c4+ Kxd4 46. Ke2
g4 0-1

[Event "SV Unna 1 - SV Welper 2"]
[Site "Verbandsklasse - Gruppe 3 201"]
[Date "2018.11.04"]
[Round "3.7"]
[White "Striebeck, Roman"]
[Black "Bertschik, Jonas"]
[Result "1-0"]
[WhiteElo "1623"]
[BlackElo "1710"]
[PlyCount "83"]
[EventDate "2018.??.??"]

1. d4 d5 2. Bf4 Nf6 3. Nf3 Bf5 4. h3 e6 5. e3 Bd6 6. Bxd6 Qxd6 7. Bd3 Bxd3 8.
Qxd3 O-O 9. O-O Nbd7 10. Nbd2 c5 11. c4 cxd4 12. Qxd4 e5 13. Qh4 Qb4 14. cxd5
Qxh4 15. Nxh4 Nxd5 16. Rac1 Rac8 17. Nf5 Kh8 18. Nd6 Rb8 19. a3 g6 20. N2e4 f5
21. Nc5 Nxc5 22. Rxc5 Nb6 23. Rc7 Rf6 24. Rd1 Kg8 25. Nxb7 Na4 26. b3 Rb6 27.
Rdd7 Rxb3 28. Rg7+ Kf8 29. Rxh7 Kg8 30. Rcg7+ Kf8 31. Rf7+ Kg8 32. Nd6 R3b6 33.
Rhg7+ Kh8 34. Rxg6 Rd8 35. Rff6 Kh7 36. Rh6+ Kg7 37. Nxf5+ Kg8 38. Rhg6+ Kh7
39. Rg7+ Kh8 40. Rff7 Re6 41. Rh7+ Kg8 42. Rfg7+ 1-0

[Event "SV Unna 1 - SV Welper 2"]
[Site "Verbandsklasse - Gruppe 3 201"]
[Date "2018.11.04"]
[Round "3.8"]
[White "Watzlawek, Volker"]
[Black "Schaller, Sigrid"]
[Result "1-0"]
[WhiteElo "1639"]
[BlackElo "1490"]
[PlyCount "55"]
[EventDate "2018.??.??"]

1. e4 e6 2. d3 d5 3. Nd2 c5 4. g3 Nc6 5. Bg2 Nf6 6. Ngf3 Bd6 7. O-O O-O 8. Re1
Qc7 9. c3 b6 10. Qe2 Nd7 11. Ng5 h6 12. exd5 exd5 13. Nxf7 Nf6 14. Nxd6 Qxd6
15. Nf3 Bg4 16. Bf4 Qd7 17. Qf1 Rad8 18. Ne5 Nxe5 19. Rxe5 Qb5 20. h3 Bc8 21.
b3 Qa5 22. Qc1 Ba6 23. Bxh6 gxh6 24. Qxh6 Qxc3 25. Qg6+ Kh8 26. Re7 Qxa1+ 27.
Bf1 Rg8 28. Qh6+ 1-0

[Event "SV Horst-Emscher 1 - SF Essen-Katernber"]
[Site "Regionalliga 2018/2019"]
[Date "2018.11.11"]
[Round "4.1"]
[White "Bee, Marcus"]
[Black "Baerwolf, Steven"]
[Result "1/2-1/2"]
[WhiteElo "2143"]
[BlackElo "2144"]
[Annotator "Daniel"]
[PlyCount "82"]
[EventDate "2018.??.??"]

1. Nf3 b6 2. g3 Bb7 3. Bg2 e6 4. c4 Nf6 5. O-O c5 6. Nc3 Be7 7. d4 cxd4 8. Nxd4
Bxg2 9. Kxg2 O-O 10. b3 a6 11. Bb2 Qc7 12. e3 Qb7+ 13. Qf3 Qxf3+ 14. Kxf3 Nc6
15. Nxc6 dxc6 16. Rfd1 $11 Rfd8 17. h3 b5 18. Rxd8+ Rxd8 19. Rd1 Rxd1 20. Nxd1
bxc4 21. bxc4 Nd7 22. Ke2 e5 23. f3 f6 24. Bc3 Kf7 25. Nb2 Ke6 26. Na4 Ba3 27.
Kd3 Kd6 28. Ba1 Nf8 29. f4 Nd7 30. f5 Nc5+ 31. Nxc5 Kxc5 32. e4 Kb4 33. Bc3+
Ka4 34. g4 Bc5 35. Bb2 Kb4 36. Bc1 Bd4 37. h4 Bf2 38. h5 h6 39. Bb2 Bh4 40.
Bc3+ Ka3 41. Kc2 Bg5 1/2-1/2

[Event "SV Horst-Emscher 1 - SF Essen-Katernber"]
[Site "Regionalliga 2018/2019"]
[Date "2018.11.11"]
[Round "4.2"]
[White "Buschmann, Andreas"]
[Black "Villwock, Martin"]
[Result "0-1"]
[WhiteElo "2011"]
[BlackElo "2119"]
[PlyCount "83"]
[EventDate "2018.??.??"]

1. d4 Nf6 2. c4 c5 3. d5 e6 4. Nc3 exd5 5. cxd5 d6 6. e4 g6 7. f4 Qe7 8. Nf3
Bg4 9. Bd3 Bg7 10. O-O O-O 11. h3 Bxf3 12. Qxf3 a6 13. a4 Nbd7 14. Bd2 Rac8 15.
Rae1 c4 16. Bc2 Rfe8 17. g4 Qd8 18. Kg2 Rb8 19. g5 Nh5 20. Nd1 b5 21. axb5 axb5
22. Bc3 b4 23. Bxg7 Nxg7 24. Ne3 b3 25. Bb1 Rc8 26. Rc1 c3 27. Rxc3 Rxc3 28.
bxc3 Qa5 29. Nc4 Qa6 30. Nd2 Rb8 31. c4 Qa1 32. Re1 Nh5 33. Qe3 Qb2 34. Kf3 f6
35. gxf6 Qxf6 36. Kg4 Qb2 37. h4 Qg7 38. Kh3 Rf8 39. Rf1 Qh6 40. Kg4 Ne5+ 41.
Kh3 Nxf4+ 42. Kh2 0-1

[Event "SV Horst-Emscher 1 - SF Essen-Katernber"]
[Site "Regionalliga 2018/2019"]
[Date "2018.11.11"]
[Round "4.3"]
[White "Heldt, Maximilian"]
[Black "Rebentisch, Tom"]
[Result "1/2-1/2"]
[WhiteElo "2103"]
[BlackElo "2066"]
[Annotator "Daniel"]
[PlyCount "99"]
[EventDate "2018.??.??"]

1. c4 e6 2. g3 d5 3. Bg2 Nf6 4. Nf3 Be7 5. O-O O-O 6. b3 b6 7. Bb2 Bb7 8. e3
dxc4 9. bxc4 c5 10. Nc3 Nc6 11. Qe2 Nd7 12. Rfd1 Bf6 13. d4 cxd4 14. exd4 Re8
15. Ne4 Qc7 16. Nfg5 h6 17. Nf3 Na5 18. Nxf6+ Nxf6 19. c5 Bd5 20. Ne5 Rac8 21.
Bxd5 Nxd5 22. Rac1 Qb7 23. Qb5 Red8 24. Ba3 f6 25. Nc4 Nxc4 26. Qxc4 Rc6 $11
27. Rb1 Qd7 28. Rb3 Ne7 29. Rbd3 Qd5 30. Qa4 Rc7 31. cxb6 axb6 32. Bxe7 Rxe7
33. Rb1 Ra8 34. Qb4 Rea7 35. a3 Ra4 36. Qe7 Qe4 37. Rdd1 Rxa3 38. Re1 Qd5 39.
Rxb6 Qxd4 40. Rb7 Qg4 41. Rxe6 Qg6 42. Qd7 Kh7 43. Re7 Rg8 44. Qd6 Rd3 45. Qf4
Qg5 46. Qe4+ Qg6 47. Qe2 Rd6 48. Re4 Qf5 49. Ree7 Qd3 50. Qxd3+ 1/2-1/2

[Event "SV Horst-Emscher 1 - SF Essen-Katernber"]
[Site "Regionalliga 2018/2019"]
[Date "2018.11.11"]
[Round "4.4"]
[White "Becker, Marco"]
[Black "Dette, Jan"]
[Result "1/2-1/2"]
[WhiteElo "1959"]
[BlackElo "2076"]
[PlyCount "49"]
[EventDate "2018.??.??"]

1. e4 e6 2. d4 d5 3. Nd2 Nf6 4. e5 Nfd7 5. Bd3 c5 6. c3 Nc6 7. Ne2 cxd4 8. cxd4
f6 9. exf6 Nxf6 10. O-O Bd6 11. Nf3 Qc7 12. Bg5 O-O 13. Rc1 Bd7 14. Bh4 Nh5 15.
Bb1 Be8 16. Ng5 Rf6 17. Bxh7+ Kh8 18. Ng3 Rh6 19. Bb1 Bf4 20. Rc3 Nf6 21. Nf3
Ne4 22. Nxe4 dxe4 23. Bxe4 Bxh2+ 24. Nxh2 Rxh4 25. Rh3 1/2-1/2

[Event "SV Horst-Emscher 1 - SF Essen-Katernber"]
[Site "Regionalliga 2018/2019"]
[Date "2018.11.11"]
[Round "4.5"]
[White "Dahm, Bernd"]
[Black "Arndt, Olaf"]
[Result "1/2-1/2"]
[WhiteElo "2080"]
[BlackElo "1953"]
[Annotator "Daniel"]
[PlyCount "41"]
[EventDate "2018.??.??"]

1. c4 c5 2. g3 Nc6 3. Bg2 g6 4. Nc3 Bg7 5. a3 e6 6. Rb1 a5 7. e4 Nge7 8. Nge2
O-O 9. O-O b6 10. d3 Bb7 11. Bf4 e5 12. Bd2 d6 13. Nd5 Nd4 $11 14. Nxd4 Bxd5
15. Ne2 Be6 16. b4 axb4 17. axb4 Ra3 18. Rb3 Rxb3 19. Qxb3 b5 20. bxc5 bxc4 21.
dxc4 1/2-1/2

[Event "SV Horst-Emscher 1 - SF Essen-Katernber"]
[Site "Regionalliga 2018/2019"]
[Date "2018.11.11"]
[Round "4.6"]
[White "Doenges, Dirk"]
[Black "Gorainow, Nikita"]
[Result "1/2-1/2"]
[WhiteElo "1767"]
[BlackElo "1935"]
[PlyCount "65"]
[EventDate "2018.??.??"]

1. e4 c5 2. Nf3 Nc6 3. d4 cxd4 4. Nxd4 g6 5. Nxc6 bxc6 6. Qd4 Nf6 7. e5 Nd5 8.
e6 Nf6 9. exf7+ Kxf7 10. Nc3 Bg7 11. Qc4+ d5 12. Qxc6 Rb8 13. Qa4 Bb7 14. Bf4
e5 15. Bg3 Re8 16. Bb5 Re7 17. O-O d4 18. Rad1 Qb6 19. Ne2 Bxg2 20. Bc4+ Bd5
21. Rfe1 Qb4 22. Bxd5+ Nxd5 23. Qc6 Qb5 24. Nxd4 exd4 25. Rxe7+ Nxe7 26. Qf3+
Bf6 27. Bxb8 Qxb8 28. Rxd4 Qxb2 29. Ra4 Qc1+ 30. Kg2 Qg5+ 31. Kh1 Qc1+ 32. Kg2
Qg5+ 33. Kh1 1/2-1/2

[Event "SV Horst-Emscher 1 - SF Essen-Katernber"]
[Site "Regionalliga 2018/2019"]
[Date "2018.11.11"]
[Round "4.7"]
[White "Schimnatkowski, Lukas"]
[Black "Tobczewski, Peter"]
[Result "1-0"]
[WhiteElo "2038"]
[BlackElo "1902"]
[PlyCount "195"]
[EventDate "2018.??.??"]

1. c4 c5 2. Nc3 Nc6 3. g3 g6 4. Bg2 Bg7 5. e4 e6 6. Nge2 Nge7 7. O-O O-O 8. d3
d6 9. Rb1 f5 10. a3 fxe4 11. dxe4 Ne5 12. f4 Nxc4 13. Qd3 Nb6 14. Be3 c4 15.
Qd2 d5 16. Rbd1 Qd6 17. a4 Bd7 18. a5 Na4 19. exd5 Nxc3 20. Nxc3 exd5 21. Nxd5
Bc6 22. Nxe7+ Qxe7 23. Bxc6 bxc6 24. Qf2 Rfe8 25. Bd4 Rab8 26. Rfe1 Bxd4 27.
Qxd4 Qb4 28. Rxe8+ Rxe8 29. Kf2 Re7 30. Rc1 Rb7 31. Rc2 Qxa5 32. Qxc4+ Qd5 33.
Qxd5+ cxd5 34. Ke3 Kf7 35. Kd4 Ke6 36. Rc6+ Kd7 37. Ra6 Rxb2 38. Rxa7+ Kd6 39.
Ra6+ Ke7 40. Ra7+ Kd6 41. Rxh7 Rb4+ 42. Kc3 Rc4+ 43. Kd3 Ke6 44. Rg7 Kf6 45.
Rd7 Ke6 46. Rd8 Ra4 47. Re8+ Kf6 48. Re5 Ra2 49. Rxd5 Rxh2 50. Ke3 Rh1 51. Kf3
Ra1 52. Rd6+ Kf7 53. Kg4 Rg1 54. Ra6 Rb1 55. Kh4 Rh1+ 56. Kg4 Rb1 57. Kf3 Rb3+
58. Kg2 Rb2+ 59. Kh3 Rf2 60. Ra4 Rf1 61. Kg2 Rb1 62. Ra3 Kf6 63. g4 Rb6 64. Kg3
Rc6 65. Kh4 Rb6 66. Kg3 Rc6 67. Kh4 Rb6 68. Ra4 Rc6 69. Kg3 Rc3+ 70. Kf2 Rb3
71. Ra6+ Kf7 72. Ra5 Ke6 73. Re5+ Kf6 74. Re3 Rb6 75. Kf3 Rb5 76. Rc3 Rb6 77.
Rc4 Rb3+ 78. Ke4 Rg3 79. g5+ Ke6 80. Rc6+ Kf7 81. Rc7+ Kf8 82. Ke5 Ra3 83. Rd7
Ra4 84. Rd4 Ra7 85. Ke6 Ke8 86. Rd6 Ra4 87. Kf6 Rxf4+ 88. Kxg6 Rg4 89. Rf6 Ke7
90. Rf3 Re4 91. Kg7 Re5 92. g6 Re4 93. Kg8 Rg4 94. g7 Re4 95. Rf7+ Ke8 96. Rf5
Re1 97. Rf4 Re2 98. Rh4 1-0

[Event "SV Horst-Emscher 1 - SF Essen-Katernber"]
[Site "Regionalliga 2018/2019"]
[Date "2018.11.11"]
[Round "4.8"]
[White "Jacubowski, Andreas"]
[Black "Kudelka, Josua"]
[Result "0-1"]
[WhiteElo "1876"]
[BlackElo "1965"]
[PlyCount "62"]
[EventDate "2018.??.??"]

1. e4 e5 2. Nf3 Nc6 3. Bb5 a6 4. Ba4 Nf6 5. O-O b5 6. Bb3 Bc5 7. c3 d6 8. d4
Bb6 9. h3 O-O 10. Bg5 h6 11. Bd5 Bd7 12. dxe5 hxg5 13. exf6 gxf6 14. Nd4 Nxd4
15. cxd4 c6 16. Bb3 Kg7 17. Nc3 Rh8 18. f4 g4 19. hxg4 Rh4 20. Qd3 Qh8 21. Ne2
Bxg4 22. Rad1 Rg8 23. Kf2 Kf8 24. Ke3 Rh2 25. Rf2 Qh5 26. Rg1 Bxe2 27. Qxe2
Rg3+ 28. Rf3 Bxd4+ 29. Kxd4 Qc5+ 30. Kd3 Rxf3+ 31. Qxf3 Qxg1 0-1

[Event "SV Mülheim-Nord 3 - Oberhausener SV 2"]
[Site "Regionalliga 2018/2019"]
[Date "2018.11.11"]
[Round "4.2"]
[White "Limbourg, Philipp"]
[Black "Joergens, Markus"]
[Result "1-0"]
[WhiteElo "2176"]
[BlackElo "1984"]
[PlyCount "91"]
[EventDate "2018.??.??"]

1. e4 e6 2. c4 d5 3. exd5 exd5 4. cxd5 Nf6 5. Bb5+ Nbd7 6. Nc3 Bd6 7. Nf3 O-O
8. O-O Nb6 9. h3 a6 10. Be2 Nbxd5 11. d4 Re8 12. Bc4 Be6 13. Ng5 Nxc3 14. Nxe6
Nxd1 15. Nxd8 Raxd8 16. Rxd1 h6 17. Be3 c6 18. Rac1 Bb8 19. Rc3 Ba7 20. Rcd3
Nd5 21. Kf1 Re7 22. Bb3 Red7 23. Ke2 g5 24. h4 f6 25. hxg5 hxg5 26. g3 Kg7 27.
a3 Re8 28. Kf3 Bb8 29. Rh1 Nc7 30. Bc2 Rh8 31. Rxh8 Kxh8 32. Rd1 Ne8 33. Rh1+
Kg8 34. Kg4 Ng7 35. Bb3+ Rd5 36. Bxd5+ cxd5 37. Rc1 Bd6 38. f4 gxf4 39. Bxf4
Bf8 40. Rc8 Kf7 41. Rc7+ Kg6 42. Rxb7 Ne6 43. Rb6 f5+ 44. Kf3 Kf7 45. Be5 Bh6
46. Rxa6 1-0

[Event "SV Mülheim-Nord 3 - Oberhausener SV 2"]
[Site "Regionalliga 2018/2019"]
[Date "2018.11.11"]
[Round "4.3"]
[White "Weyh, Thomas"]
[Black "Wagner, Leopold Franziskus"]
[Result "1-0"]
[WhiteElo "2003"]
[BlackElo "2020"]
[PlyCount "109"]
[EventDate "2018.??.??"]

1. d4 Nf6 2. c4 e6 3. Nc3 Bb4 4. e3 Ne4 5. Qc2 f5 6. Bd3 Nf6 7. Nge2 b6 8. O-O
Bb7 9. f3 Bxc3 10. Nxc3 Nc6 11. a3 O-O 12. b4 d6 13. Bb2 Ne7 14. e4 fxe4 15.
Nxe4 Nxe4 16. Bxe4 Bxe4 17. Qxe4 Qd7 18. Rfe1 d5 19. Qxe6+ Qxe6 20. Rxe6 Kf7
21. Rae1 Rfe8 22. cxd5 Nxd5 23. Rxe8 Rxe8 24. Rxe8 Kxe8 25. Kf2 Kd7 26. g3 a5
27. bxa5 bxa5 28. Ke2 g6 29. Kd3 h5 30. Bc3 a4 31. Bd2 Kd6 32. Kc4 Nb6+ 33. Kb5
Kd5 34. Bf4 Kxd4 35. Bxc7 Nd5 36. Ba5 Ke3 37. f4 h4 38. gxh4 Nxf4 39. Kxa4 Kd4
40. Kb5 Kd5 41. a4 Kd6 42. Bb6 Kd7 43. a5 Ng2 44. a6 Kc8 45. Kc6 Kb8 46. Bf2
Ka8 47. Kd6 Nf4 48. Ke7 Nd3 49. Bd4 Ne1 50. Kf6 Nf3 51. Bf2 Nxh2 52. Kxg6 Ng4
53. Bd4 Kb8 54. h5 Ka8 55. Kg5 1-0